UBT Library

Macromedia Flash Professional 8 : (Record no. 44865)

000 -LEADER
fixed length control field 01051cam a22003377a 4500
001 - CONTROL NUMBER
control field 14448814
005 - DATE AND TIME OF LATEST TRANSACTION
control field 20180313053852.0
008 - FIXED-LENGTH DATA ELEMENTS--GENERAL INFORMATION
fixed length control field 060712s2005 caua b 001 0 eng d
010 ## - LIBRARY OF CONGRESS CONTROL NUMBER
LC control number 2006279060
015 ## - NATIONAL BIBLIOGRAPHY NUMBER
National bibliography number GBA581764
Source bnb
016 7# - NATIONAL BIBLIOGRAPHIC AGENCY CONTROL NUMBER
Record control number 013301190
Source Uk
020 ## - INTERNATIONAL STANDARD BOOK NUMBER
International Standard Book Number 0321293886 (pbk.)
035 ## - SYSTEM CONTROL NUMBER
System control number (CStRLIN)NYUGB13279169-B
035 ## - SYSTEM CONTROL NUMBER
System control number (NNU)NYUb13279169
035 ## - SYSTEM CONTROL NUMBER
System control number (PU)3957404
035 ## - SYSTEM CONTROL NUMBER
System control number (NYU)NYUb13279169
035 ## - SYSTEM CONTROL NUMBER
System control number (CStRLIN)PAUGV3957404-B
040 ## - CATALOGING SOURCE
Original cataloging agency UKM
Transcribing agency UKM
Modifying agency BAKER
-- NNU
-- DLC
041 ## - LANGUAGE CODE
Language code of text/sound track or separate title eng
042 ## - AUTHENTICATION CODE
Authentication code lccopycat
080 ## - UNIVERSAL DECIMAL CLASSIFICATION NUMBER
Universal Decimal Classification number 006.7869 GON
082 04 - DEWEY DECIMAL CLASSIFICATION NUMBER
Classification number 006.7869 GON
Edition number 22
100 1# - Rafti
Rafti 28
101 ## - Shkurtesa
Shkurtesa SHK
245 10 - TITLE STATEMENT
Title Macromedia Flash Professional 8 :
Statement of responsibility, etc by James Gonzalez.
246 3# - VARYING FORM OF TITLE
Title proper/short title Flash Professional 8
906 ## - LOCAL DATA ELEMENT F, LDF (RLIN)
a 7
b cbc
c copycat
d 2
e ncip
f 20
g y-gencatlg
942 ## - ADDED ENTRY ELEMENTS (KOHA)
Source of classification or shelving scheme
Item type Books
Holdings
Withdrawn status Lost status Source of classification or shelving scheme Damaged status Not for loan Collection code Permanent location Current location Shelving location Date acquired Total Checkouts Full call number Barcode Date last seen Price effective from Koha item type
          Koleksioni i përgjithshem UBT - Lipjan UBT - Lipjan Koleksioni i përgjithshem 03/13/2018   006.7869 GON 002-3002092 03/13/2018 03/13/2018 Books
UBT Library © 2015-2024. All rights reserved University Education for Business and Technology